000 00647nam a2200229Ia 4500
003 OSt
005 20221007075231.0
006 a|||||r|||| 00| 0
007 ta
008 221006b |||||||| |||| 00| 0 eng d
024 _a15,257
037 _cTextual
040 _aFLL
_cFLL
_beng
041 _2eng
_aeng
082 _aX:9583.Z2qN23, M6
100 _aBhatia K.L. Au.
_9693697
245 0 _aAdministrative of workmen's compensation law
260 _aNew Delhi
_bDeep and deep publications India
_c1986
300 _a312p
_ccm.
942 _hX:9583.Z2qN23, M6
_cTEXL
_2CC
999 _c1155283
_d1155283